000 00712nam a2200265Ia 4500
003 OSt
005 20221006160343.0
006 a|||||r|||| 00| 0
007 ta
008 221006b |||||||| |||| 00| 0 jpn d
020 _a9784122024137
_c¥476
024 _a45,032
037 _bGift, Japan Foundation
_cTextual
040 _aEASL
_cEASL
_bjpn
041 _2jpn
_ajpn
082 _aO42,3M86, Q2
100 _aTanizaki Junichiro
245 0 _aIneiraisan
260 _aTokyo
_bChuokoron Shinsha Japan
_c2012
300 _a216p.
_ccm.
490 _v JL
650 _aJL
942 _hO42,3M86, Q2
_cTEXL
_2CC
999 _c1113124
_d1113124